New Zealand Rugby All Blacks - Top Scorer by Letter - Statistics

General Stats
  • This quiz has been taken 251 times
    163 since last reset
  • The average score is 13 of 23
Answer Stats
Letter Points Player % Correct
C 1598 Daniel Carter
99%
B 649 Beauden Barrett
92%
M 967 Andrew Mehrtens
87%
F 645 Grant Fox
80%
W 234 Jeff Wilson
77%
H 245 Doug Howlett
75%
L 185 Jonah Lomu
75%
R 230 Joe Rokocoko
72%
U 180 Tana Umaga
71%
N 155 Ma'a Nonu
65%
S 291 Carlos Spencer
59%
V 15 Victor Vito
55%
K 143 John Kirwan
53%
I 120 Rieko Ioane
47%
D 138 Israel Dagg
44%
P 65 T.J Perenara
37%
G 55 Rico Gear
34%
E 103 Nick Evans
31%
J 90 Cory Jane
30%
Y 3 Victor Yates
27%
O 55 Glen Osborne
26%
A 30 Pita Alatini
26%
T 40 Isaia Toeava
11%
No matching quizzes found
Score Distribution
Percent of People with Each Score
Percentile by Number Answered
Your Score History
You have not taken this quiz since the last reset